Statystyki dla Flagi wszystkich państw świata według stolic (Bardzo Trudne)

Kliknij tutaj aby rozwiązać quiz!

Ogólne statystyki

  • Ten quiz został rozwiązany 10 razy
    (2 od ostatniego zresetowania)
  • Średni wynik to 58 z 297

Statystyki odpowiedzi

Odpowiedź% Poprawnych
Abu Zabi
100%
Caracas
100%
Kijów
100%
Kuala Lumpur
100%
Sofia
100%
Abudża
50%
Addis Abeba
50%
Akra
50%
Algier
50%
Amsterdam
50%
Andora
50%
Ankara
50%
Astana
50%
Aszchabad
50%
Ateny
50%
Bagdad
50%
Bangkok
50%
Bejrut
50%
Belgrad
50%
Berlin
50%
Berno
50%
Bissau
50%
Bogota
50%
Brasilia
50%
Bratysława
50%
Bruksela
50%
Budapeszt
50%
Buenos Aires
50%
Bukareszt
50%
Damaszek
50%
Dhaka
50%
Dili
50%
Doha
50%
Dublin
50%
Dżakarta
50%
Dżibuti
50%
Erywań
50%
Gwatemala
50%
Hanoi
50%
Hawana
50%
Helsinki
50%
Hong Kong
50%
Islamabad
50%
Jerozolima
50%
Kair
50%
Katmandu
50%
Kingston
50%
Kingstown
50%
Kiszyniów
50%
Kopenhaga
50%
Kuwejt
50%
Libreville
50%
Lima
50%
Lizbona
50%
Londyn
50%
Lublana
50%
Luksemburg
50%
Madryt
50%
Makau
50%
Male
50%
Managua
50%
Manila
50%
Meksyk
50%
Mińsk
50%
Monako
50%
Montevideo
50%
Moskwa
50%
Nikozja
50%
Nowe Delhi
50%
Oslo
50%
Ottawa
50%
Panama
50%
Paryż
50%
Pekin
50%
Pjongjang
50%
Podgorica
50%
Praga
50%
Pretoria/ Kapsztad/ Bloemfontein
50%
Prisztina
50%
Quito
50%
Rabat
50%
Reykjavik
50%
Ryga
50%
Rzym
50%
San Marino
50%
San Salvador
50%
Santiago
50%
Sarajewo
50%
Seul
50%
Singapur
50%
Skopje
50%
Sri Dźajawardanapura Kotte
50%
Sucre/ La paz
50%
Sztokholm
50%
Tajpej
50%
Tallinn
50%
Taszkent
50%
Teheran
50%
Tirana
50%
Tokio
50%
Tunis
50%
Ułan Bator
50%
Vaduz
50%
Valetta
50%
Warszawa
50%
Waszyngton
50%
Watykan
50%
Wiedeń
50%
Wilno
50%
Zagrzeb
50%
Abakan
0%
Adamstown
0%
Alofi
0%
Al-Ujun
0%
Amman
0%
Antananarywa
0%
Aosta
0%
Apia
0%
Asmara
0%
Asunción
0%
Atafu
0%
Avarua
0%
Bairiki / Tarawa
0%
Baku
0%
Bamako
0%
Bandar Seri Begawan
0%
Bandżul
0%
Bangi
0%
Barcelona
0%
Basseterre
0%
Basse-Terre
0%
Batumi
0%
Belfast
0%
Belmopan
0%
Biszkek
0%
Brazzaville
0%
Bridgetown
0%
Cagliari
0%
Canberra
0%
Capital Hill / Saipan
0%
Cardiff
0%
Castries
0%
Cchinwali
0%
Charlotte Amalie
0%
Chartum
0%
Cockburn Town
0%
Czeboksary
0%
Czerkiesk
0%
Dakar
0%
Delap / Majuro
0%
Diego Garcia
0%
Dodoma
0%
Douglas
0%
Duszanbe
0%
Dżuba
0%
Edinburgh of the Seven Seas
0%
Edynburg
0%
Elista
0%
Flying Fish Cove
0%
Fort-de-France
0%
Freetown
0%
Gaborone
0%
George Town
0%
Georgetown
0%
Georgetown
0%
Gibraltar
0%
Gitega
0%
Gornoałtajsk
0%
Grozny
0%
Gustavia
0%
Hagåtña
0%
Hamilton
0%
Hanga Roa
0%
Harare
0%
Hargejsa
0%
Honiara
0%
Irbil / Kirkuk
0%
Iżewsk
0%
Jakuck
0%
Jamestown
0%
Jamusukro
0%
Jaunde
0%
Joszkar-Oła
0%
Kabul
0%
Kajenna
0%
Kampala
0%
Kazań
0%
Kigali
0%
Kingston
0%
Kinszasa
0%
Komrat
0%
Konakry
0%
Kralendijk
0%
Kyzył
0%
Lhasa
0%
Lilongwe
0%
Lome
0%
Luanda
0%
Lusaka
0%
Maarianhamina
0%
Machaczkała
0%
Magas
0%
Majkop
0%
Malabo
0%
Mamoudzou
0%
Manama
0%
Maputo
0%
Marigot
0%
Maseru
0%
Maskat
0%
Mata Utu
0%
Mbabane
0%
Mogadiszu
0%
Monachium
0%
Monrovia
0%
Moroni
0%
Naha
0%
Nairobi
0%
Nalczyk
0%
Nassau
0%
Nawakszut
0%
Naypyidaw
0%
Ndżamena
0%
Ngerulmud
0%
Niamey
0%
Nikozja
0%
Nowy Sad
0%
Nuku‘alofa
0%
Nukus
0%
Numea
0%
Nuuk
0%
Oranjestad
0%
Oranjestad
0%
Pago Pago / Fagatogo
0%
Palermo
0%
Palikir
0%
Papeete
0%
Paramaribo
0%
Philipsburgh
0%
Phnom Penh
0%
Pietrozawodsk
0%
Plymouth/ Brades
0%
Port-au-Prince
0%
Port Louis
0%
Port Moresby
0%
Port of Spain
0%
Porto-Novo
0%
Port Vila
0%
Praia
0%
Ramallah
0%
Rijad
0%
Road Town
0%
Roseau
0%
Saint Denis
0%
Saint George's
0%
Saint Helier
0%
Saint John's
0%
Saint Peter Port
0%
Saint-Pierre
0%
Saint Pierre
0%
Sana
0%
San José
0%
San Juan
0%
Santo Domingo
0%
Sao Tome
0%
Sapporo
0%
Sarańsk
0%
Stanley
0%
Suchumi
0%
Suva
0%
Syktywkar
0%
Tbilisi
0%
Tegucigalpa
0%
The Bottom
0%
The Valley
0%
Thimphu
0%
Thorshavn
0%
Triest
0%
Trydent
0%
Trypolis
0%
Tuluza
0%
Tyraspol
0%
Ufa
0%
Ułan Ude
0%
Urumczi
0%
Vaiaku / Funafuti
0%
Victoria
0%
Vitoria-Gasteiz
0%
Wagadugu
0%
Wellington
0%
West Island
0%
Wientian
0%
Willemstad
0%
Windhuk
0%
Władykaukaz
0%
Yaren
0%
Zanzibar
0%

Rozkład punktacji

Percentyl według liczby udzielonych odpowiedzi

Procent ludzi z każdym wynikiem

Twoja historia wyników

Nie rozwiązałeś tego quizu od ostatniego zresetowania